Movies by Picture - M - Statistics

General Stats
  • This quiz has been taken 678 times
  • The average score is 11 of 16
Answer Stats
Picture Answer % Correct
Mary Poppins
96%
The Matrix
96%
Men in Black
93%
Mean Girls
90%
Mrs. Doubtfire
82%
Mission Impossible
79%
Maleficent
76%
Mamma Mia
74%
Mulan
73%
Man of Steel
71%
Monty Python and the Holy Grail
60%
Meet the Parents
54%
Murder on the Orient Express
46%
Miss Congeniality
43%
Mad Max
37%
Miss Peregrine's Home for Peculiar Children
33%
No matching quizzes found
Score Distribution
Percent of People with Each Score
Percentile by Number Answered
Your Score History
You have not taken this quiz